Регионална библиотека "Любен Каравелов" - Русе

Другите светове на Алби Брайт (Запис номер 348832)

MARC детайли
000 -Лидер
Контролно поле с фиксирана дължина 00892nam a2200253 a 4500
003 - Код на организацията, давaща контролен номер
Контролно поле BLK
005 - Дата и час на последна редакция
Контролно поле 20240808112643.0
008 - Елементи от данни с фиксирана дължина
fixed length control field 190913b bu ||||| |||| 00| 0 bu d
020 ## - Международен стандартен номер на книга ISBN
Международен стандартен номер на книга ISBN 9786191514809
040 ## - Източник на каталожния запис
Идентификатор на билиотеката - собственик на записа BLK
041 ## - Код за език
Код за езика на текст/звукозапис или на отделно заглавие Български
Код за езика КДБФ Български
080 ## - УДК
УДК код - определител по УДК 821.111
УДК определител -93-311.9
УДК - код + определител 821.111-93-311.9
100 ## - Редна дума - Автор
Автор Едж, Кристофър
Авторска отговорност първи автор
R(LIN) 1299
139 ## - Редно поле
Редна дума Едж, Кристофър
Авторски знак Еди - Е 29
245 ## - Сведения за заглавието
Заглавие Другите светове на Алби Брайт
Редно поле (дума) Кристофър Едж; прев. Александър Маринов
260 ## - Област на издателските данни
9 (RLIN) 209582
Място на издаване, разпространение и проч. София
Име на издателя, разпространителя и проч. СофтПрес
Година на издаване 2019
Печатница Добрич : Фолиарт
300 ## - Физическа характеристика
Страници 192 с.
Илюстрации и др. с цв. ил.
Размери/Мащаб 24 см
380 ## - Жанр
Жанр Детска худож. лит.
700 ## - Други автори (авторска отговорност)
9 (RLIN) 370653
Лично име Маринов, Александър
Автороска отговорност (Описва отношението между автора и произведението) прев.
852 ## - Местоположение
Фондова буква Детски отдел
852 ## - Местоположение
Фондова буква Хранилище
Форматна сигнатура Цб 306796
856 ## - Електронен адрес и достъп
Инструкция (цена за достъп) 0.00
Права за достъп disable
999 ## - СИСТЕМНИ КОНТРОЛНИ НОМЕРА
Koha biblionumber 348832
Koha biblioitemnumber 348832
942 ## - АРТИКУЛИ
Вид на библиотечния материал Книги
Скрит в OPAC Не
Периодичен библиозапис Да
Koha issues (borrowed), all copies 8
944 ## - СЪЗДАВАНЕ И РЕДАКЦИЯ на ЗАПИСА
Служител, извършил регистрацията/редакцията 30537
Статус, дата на статуса Грета Цуфелде
Наличности
Код за отписване Код за изгубен артикул Източник на класификационната схема Код за повреда Код за отдаване Артикулен № Име на библиотеката - собственик Име на библиотеката, в която се намира в момента Статус (Текущо местоположение) Дата на вписване в системата Местоположение - отдел Цена в лева Систематично азбучна сигнатура Баркод Цена в евро Служебен тип на артикула Коз за рестрикции
  Не е изгубен Universal Decimal Classification Не е повреден заемане за дома 756166 Регионална библиотека "Любен Каравелов" Русе Регионална библиотека "Любен Каравелов" Русе Детски отдел 2020-03-06 Детски отдел 9.74 821-93/Е 29 К 120000843044 4.98 Книги  
  Не е изгубен Universal Decimal Classification Не е повреден заемане за дома 756167 Регионална библиотека "Любен Каравелов" Русе Регионална библиотека "Любен Каравелов" Русе Детски отдел 2020-03-06 Детски отдел 9.74 821-93/Е 29 К 120000843043 4.98 Книги  
  Не е изгубен Universal Decimal Classification Не е повреден ползва се в читалня 815293 Регионална библиотека "Любен Каравелов" Русе Регионална библиотека "Любен Каравелов" Русе Хранилище 2021-03-09 Хранилище 12.99 Цб 306796 120000852599 6.64 Книги само за читалня
Vip Innovations Ltd, Rousse, Bulgaria 2025